Hlavný prúd ekonómie a hospodárska politika súčasnosti

Vzťah medzi súčasnou ekonomickou teóriou a hospodárskou politikou. Autor argumentuje, že hospodárska politika a diskusia k nej v súčasnosti z veľkej časti nezodpovedá teoretickým poznatkom a preto nie je súčasná prevládajúca kritika hlavného prúdu ekonómie na mieste.

Na minha lista:
Detalhes bibliográficos
Autor principal: Dujava, Daniel
Formato: Capítulo de Livro
Idioma:eslovaco
Assuntos:
Tags: Adicionar Tag
Sem tags, seja o primeiro a adicionar uma tag!

MARC

LEADER 00000nla a2200000 4500
001 0179329
005 20240502073040.1
041 0 |a slo 
044 |a SK 
245 1 0 |a Hlavný prúd ekonómie a hospodárska politika súčasnosti  |c Daniel Dujava 
520 |a Vzťah medzi súčasnou ekonomickou teóriou a hospodárskou politikou. Autor argumentuje, že hospodárska politika a diskusia k nej v súčasnosti z veľkej časti nezodpovedá teoretickým poznatkom a preto nie je súčasná prevládajúca kritika hlavného prúdu ekonómie na mieste. 
610 2 0 |a teórie ekonomické 
610 2 0 |a politika hospodárska 
610 2 0 |a politika fiškálna 
610 2 0 |a politika menová 
610 2 0 |a kríza hospodárska 
100 1 |a Dujava, Daniel